| 000 | 01143naa a22002897a 4500 | ||
|---|---|---|---|
| 001 | BR9208098 | ||
| 003 | BR-BrBNA | ||
| 005 | 20240918180806.0 | ||
| 007 | ta | ||
| 008 | 230509b bl.||||| |||| 00| 0 por d | ||
| 040 |
_aBR-BrBNA _bpor _cBiblioteca Nacional de Agricultura |
||
| 041 | _a(Pt) | ||
| 072 | _aP30; P33 | ||
| 090 | _aP30 BR9208098 | ||
| 100 | 1 | _aFreitas, P.L. de | |
| 111 | 1 |
_aSimposio sobre Manejo e Conservacao do Solo no Cerrado _cGoiania, GO (Brazil) _d23-24 May 1990 |
|
| 245 | 1 | _aManejo fisico do solo | |
| 260 | 3 |
_aCampinas, SP (Brasil): _c1992. |
|
| 500 | _aCosta, C.V.; Borges, L.C.V. (coords.) Simposio sobre Manejo e Conservacao do Solo no Cerrado. Anais Campinas, SP (Brasil): 1992. p. 117-139 (BR9208098-AM)P30 | ||
| 650 | _aMANEJO DO SOLO | ||
| 650 | _aESTRUTURA DO SOLO | ||
| 650 | _aFISICA DO SOLO | ||
| 650 | _aCERRADO | ||
| 773 | 0 |
_tSimposio sobre Manejo e Conservacao do Solo no Cerrado. Anais _aCosta, C.V.; Borges, L.C.V. (coords.). Fundacao Cargill, Campinas, SP (Brasil) _wP30 BR9208098 _gCampinas, SP (Brasil), 1992. p. 117-139 |
|
| 909 |
_a202404 _bLucia _c55 _dLucia Elande |
||
| 942 |
_cAM _2AGRIS |
||
| 999 |
_c322042 _d322042 |
||